Universitäten, die Psychologie anbieten - Statistiken

Allgemein
  • Dieses Quiz wurde 134 mal gespielt
    29 seit der letzten Aktualisierung
  • Das Durchschnittsergebnis liegt bei 45 aus 56
Antwortstatistiken
Bundesland Universität % Korrekt
Baden-Württemberg Ruprecht-Karls-Universität Heidelberg
100%
Schleswig-Holstein Christian-Albrechts-Universität zu Kiel
93%
Hessen Johann Wolfgang Goethe-Universität Frankfurt am Main
93%
Niedersachsen Medizinische Hochschule Hannover
93%
Sachsen Technische Universität Dresden
93%
Baden-Württemberg Universität Mannheim
93%
Nordrhein-Westfalen Universität Münster
93%
Bayern Friedrich-Alexander-Universität Erlangen-Nürnberg
90%
Bayern Ludwig-Maximilians-Universität München
90%
Sachsen-Anhalt Otto-von-Guericke-Universität Magdeburg
90%
Nordrhein-Westfalen Rheinisch-Westfälische Technische Hochschule Aachen
90%
Nordrhein-Westfalen Ruhr-Universität Bochum
90%
Saarland Universität des Saarlandes
90%
Sachsen Universität Leipzig
90%
Brandenburg Universität Potsdam
90%
Nordrhein-Westfalen Universität zu Köln
90%
Freie Universität Berlin
86%
Nordrhein-Westfalen Heinrich-Heine-Universität Düsseldorf
86%
Humboldt-Universität zu Berlin
86%
Rheinland-Pfalz Johannes Gutenberg-Universität Mainz
86%
Niedersachsen Technische Universität Braunschweig
86%
Nordrhein-Westfalen Universität Bielefeld
86%
Universität der Bundeswehr Hamburg
86%
Bayern Universität der Bundeswehr München (Neubiberg)
86%
Thüringen Universität Erfurt
86%
Universität Hamburg
86%
Niedersachsen Universität Osnabrück
86%
Schleswig-Holstein Universität zu Lübeck
86%
Niedersachsen Carl von Ossietzky Universität Oldenburg
83%
Thüringen Friedrich-Schiller-Universität Jena
83%
Bayern Julius-Maximilians-Universität Würzburg
83%
Universität Bremen
83%
Nordrhein-Westfalen Universität Duisburg-Essen
83%
Baden-Württemberg Albert-Ludwigs-Universität Freiburg
79%
Sachsen-Anhalt Martin-Luther-Universität Halle-Wittenberg
79%
Nordrhein-Westfalen Rheinische Friedrich-Wilhelms-Universität Bonn
79%
Sachsen Technische Universität Chemnitz
79%
Hessen Universität Kassel
79%
Rheinland-Pfalz Universität Trier
79%
Baden-Württemberg Universität Ulm
79%
Baden-Württemberg Eberhard Karls Universität Tübingen
76%
Niedersachsen Georg-August-Universität Göttingen
76%
Hessen Technische Universität Darmstadt
76%
Bayern Universität Regensburg
76%
Rheinland-Pfalz Rheinland-Pfälzische Technische Universität Kaiserslautern-Landau
72%
Mecklenburg-Vorpommern Universität Greifswald
72%
Bayern Katholische Universität Eichstätt-Ingolstadt
69%
Hessen Philipps-Universität Marburg
69%
Hessen Justus-Liebig-Universität Giessen
66%
Bayern Otto-Friedrich-Universität Bamberg
66%
Baden-Württemberg Universität Konstanz
62%
Nordrhein-Westfalen Universität Siegen
59%
Nordrhein-Westfalen Bergische Universität Wuppertal
55%
Niedersachsen Stifungs-Universität Hildesheim
55%
Nordrhein-Westfalen Fernuniversität Hagen
45%
Niedersachsen Leuphana-Universität Lüneburg
41%
Keine übereinstimmenden Quizze gefunden
Verteilung der Resultate
Anzahl Personen mit jedem Resultat
Perzentil nach korrekt beantworteten Fragen
Ihre Resultats-Entwicklung
Sie haben dieses Quiz seit der letzten Aktualisierung nicht gespielt